| LEADER |
00827nam0a2200217 450 |
| 001 |
16806008 |
| 010 |
|
|
|a 978-2-35648-118-4
|b rel.
|d 13
|
| 100 |
|
|
|a 20100409d2026 u u0frey01 ba
|
| 101 |
0 |
|
|a fre
|
| 102 |
|
|
|a FR
|
| 200 |
0 |
|
|a long destin de sang (Un)
|f Bollée, Bedouel
|
| 207 |
|
1 |
|a
|
| 210 |
|
|
|a [Paris]
|c 12bis
|d impr. 2010
|
| 215 |
|
|
|a 1 vol. (56 p.)
|c ill. en coul., couv. ill. en coul.
|d 32 cm
|
| 330 |
|
|
|a Paris, 31 mars 1918 l'ennemi a continué au cours de la journée à bombarder la capitale... Il y a un mort...
|
| 461 |
|
0 |
|t Un long destin de sang
|v 1
|
| 700 |
|
0 |
|a Bollée
|b Laurent-Frédéric
|f 1967-....
|4 70
|
| 701 |
|
0 |
|a Bedouel
|b Fabien
|4 70
|
| 900 |
|
|
|a Bandes déssinées ADULTE
|
| 901 |
|
|
|a Accessible au prêt
|
| 995 |
|
|
|a Bibliothèque
|c Bibliothèque
|f 024011628
|h 024011628
|k BDA BOL
|o p
|q a
|r az
|e Bibliothèque
|